Amori omosessuali /

-д хадгалсан:
Номзүйн дэлгэрэнгүй
Үндсэн зохиолч: Buzzi, Andrea, (1970-) (Зохиогч)
Формат: Ном
Хэл сонгох:итали
Хэвлэсэн: Roma : Sovera, c2009
Цуврал:Autoaiuto per il benessere
Шошгууд: Шошго нэмэх
Шошго байхгүй, Энэхүү баримтыг шошголох эхний хүн болох!

MARC

LEADER 00000nam a22000007i 4500
001 IT\ICCU\RMB\0738288
003 ItRI
005 20260115231939.0
008 100916s2009 it |||||| ||||| |||||c
020 |a 8881248352 
040 |b ita  |c importazione bologna sebina 
041 7 |a ita  |2 ISO-639-2 
100 1 |a Buzzi, Andrea,  |d  (1970-)  |0 IT\ICCU\RMBV\234813  |4 aut 
245 1 0 |a Amori omosessuali /  |c Andrea Buzzi. 
260 |a Roma :  |b Sovera,  |c c2009 
300 |a 94 p. ;  |c 17 cm. 
830 0 |a Autoaiuto per il benessere  |0 IT\ICCU\LO1\1163107 
942 |2 ddc  |c BK  |n 0 
952 |0 0  |1 0  |4 0  |6 DOC_306_766000000000000_BUZ  |7 0  |9 17505  |a BO  |b BO  |d 2026-01-15  |i 15835  |l 0  |o DOC 306.766 BUZ  |p BO15835  |r 2026-01-15 23:19:39  |w 2026-01-15  |x [Sebina 5] [1 v.]  |y BK  |z 1 v. 
999 |c 14929  |d 14929